चुनाव-प्रबंधन / (Record no. 27333)

MARC details
000 -LEADER
fixed length control field 01320nam a22002777a 4500
005 - DATE AND TIME OF LATEST TRANSACTION
control field 20090609123036.0
008 - FIXED-LENGTH DATA ELEMENTS--GENERAL INFORMATION
fixed length control field 090609t xxu||||| |||| 00| 0 hin d
010 ## - LCCN (DPL NO)
LC control number HIN-86857
020 ## - INTERNATIONAL STANDARD BOOK NUMBER
International Standard Book Number 9788190205191
Terms of availability 275.00
035 ## - SYSTEM CONTROL NUMBER
System control number HN-59203
037 ## - SOURCE OF ACQUISITION
Source of stock number/acquisition DBAD / PUB
040 ## - CATALOGING SOURCE
Original cataloging agency dpl
Language of cataloging hn
082 ## - DEWEY DECIMAL CLASSIFICATION NUMBER
Classification number 342.954
100 ## - MAIN ENTRY--PERSONAL NAME
Personal name वर्मा, नरेन्द्र कुमार
245 ## - TITLE STATEMENT
Title चुनाव-प्रबंधन /
Statement of responsibility, etc नरेन्द्र कुमार वर्मा
246 ## - VARYING FORM OF TITLE
Title proper/short title Chunaava-prabandana
Remainder of title by Narender Kumar Varma
260 ## - PUBLICATION, DISTRIBUTION, ETC. (IMPRINT)
Place of publication, distribution, etc दिल्ली
Name of publisher, distributor, etc प्रतिमा प्रकाशन
Date of publication, distribution, etc 2008
270 ## - ADDRESS
Address आर-2/29, रमेश पार्क, लक्ष्मी नगर
City दिल्ली
Postal code 110092
300 ## - PHYSICAL DESCRIPTION
Extent 144पृ
Dimensions 22सेमी (सजिल्द)
650 ## - SUBJECT ADDED ENTRY--TOPICAL TERM
Topical term or geographic name as entry element चुनाव देख रेख
Geographic subdivision भारत
650 ## - SUBJECT ADDED ENTRY--TOPICAL TERM
Topical term or geographic name as entry element Election monitoring
Geographic subdivision India
650 ## - SUBJECT ADDED ENTRY--TOPICAL TERM
Topical term or geographic name as entry element लोकतंत्रीकरण
Geographic subdivision भारत
650 ## - SUBJECT ADDED ENTRY--TOPICAL TERM
Topical term or geographic name as entry element Democratization
Geographic subdivision India
942 ## - ADDED ENTRY ELEMENTS (KOHA)
Source of classification or shelving scheme Dewey Decimal Classification
Item type Hindi Books
Call number suffix वर्मान
Classification part 342.954
Holdings
Withdrawn status Lost status Source of classification or shelving scheme Damaged status Not for loan Home library Current library Date acquired Source of acquisition Cost, normal purchase price Total Checkouts Full call number Barcode Date last seen Copy number Cost, replacement price Koha item type
    Dewey Decimal Classification   Not For Loan D.B.Act.Division D.B.Act.Division 09/06/2009 DBAD / PUB 275.00   342.954 वर्मान HN-59203 09/06/2009 1 275.00 Hindi Books

© Delhi Public Library
Hit Counter
free hit counter